Alienación y sociedad industrial
Պահպանված է:
| Հիմնական հեղինակ: | |
|---|---|
| Ձևաչափ: | Գիրք |
| Լեզու: | իսպաներեն |
| Հրապարակվել է: |
Caracas
Tiempo Nuevo
1970
|
| Խորագրեր: | |
| Ցուցիչներ: |
Ավելացրեք ցուցիչ
Չկան պիտակներ, Եղեք առաջինը, ով նշում է այս գրառումը!
|
MARC
| LEADER | 00000nam a2200000 a 4500 | ||
|---|---|---|---|
| 001 | UCP5937 | ||
| 003 | CL-VaPUC | ||
| 008 | 991001e19700000VE |||||||||||||||||spa|d | ||
| 082 | 0 | 4 | |a 302 |b PER |2 21 |
| 100 | 0 | |a Perroux, François |e author |9 434614 | |
| 245 | 1 | 0 | |a Alienación y sociedad industrial |
| 300 | |a 119 p | ||
| 600 | 0 | |a Marx, Karl Heinrich, |d 1818-1883 |9 861123 | |
| 942 | |c BK | ||
| 945 | |d 19991001 00:00:00 |a crobeson | ||
| 260 | |a Caracas |b Tiempo Nuevo |c 1970 | ||
| 650 | 0 | |a Alienación |9 313050 | |
| 650 | 0 | |a Sociología |9 255410 | |
| 650 | 0 | |a Psicología social |9 222894 | |
| 650 | 0 | |a Sociedad industrial |9 345265 | |
| 650 | 0 | |a Escuelas filosóficas |9 266232 | |
| 583 | |a last modification |c 20170606 10:58:23 |k Rodrigo Vera | ||
| 999 | |c 283574 |d 283572 | ||
| 952 | |0 0 |1 0 |4 0 |6 302_000000000000000_PER_1970 |7 0 |8 A |9 326841 |a BIBHIS |b BIBHIS |d 2019-11-20 |i 1358197 |o 302 PER 1970 |p 1358197 |r 2025-01-20 |w 2019-11-20 |y BK |k HIS | ||